[Event "Internationaal Jeugdtoernooi Limburg 6"]
[Site "Venlo"]
[Date "2000.07.08"]
[Round "6"]
[White "Bensdorp, Marlies"]
[Black "Spronkmans, Stefan"]
[Result "1-0"]
[WhiteElo "1669"]
[BlackElo "1650"]
[PlyCount "83"]
[EventDate "2000.07.06"]
[EventType "swiss"]
[EventRounds "7"]
[EventCountry "NED"]
[Source "P.Boonen"]
[SourceDate "2009.01.01"]

1. e4 e5 2. Nf3 Nc6 3. Bc4 Bc5 4. O-O Nf6 5. d3 h6 6. c3 O-O 7. a4 a5 8. Na3 d5
9. exd5 Nxd5 10. Nd2 Be6 11. Ne4 Bb6 12. Kh1 Qd7 13. Bb5 Nde7 14. Nc4 Bxc4 15.
Bxc4 Nd5 16. Qf3 Kh8 17. Qh5 Nf4 18. Bxf4 exf4 19. Bb5 Rae8 20. Qf3 f5 21. Nd2
Qd8 22. d4 Qh4 23. Rae1 Kh7 24. Kg1 Qf6 25. Nc4 Rxe1 26. Rxe1 Nd8 27. Nxb6 Qxb6
28. b3 Qd6 29. h3 c6 30. Bc4 g5 31. Re5 b6 32. Bd3 Kg6 33. h4 Ne6 34. h5+ Kf6
35. Rxf5+ Ke7 36. Re5 Rf6 37. Bc4 Kd7 38. Qe4 Ke7 39. Qh7+ Kf8 40. Qh8+ Ke7 41.
Qg7+ Rf7 42. Qxh6 1-0

[Event "Internationaal Jeugdtoernooi Limburg 6"]
[Site "Venlo"]
[Date "2000.07.08"]
[Round "6"]
[White "Clevers, Egbert"]
[Black "Tan, Matthew"]
[Result "0-1"]
[WhiteElo "1500"]
[BlackElo "1800"]
[PlyCount "106"]
[EventDate "2000.07.06"]
[EventType "swiss"]
[EventRounds "7"]
[EventCountry "NED"]
[Source "P.Boonen"]
[SourceDate "2009.01.01"]

1. e4 c5 2. Nf3 d6 3. d4 cxd4 4. Nxd4 Nf6 5. Nc3 g6 6. Bb5+ Bd7 7. O-O Bg7 8.
Qd3 O-O 9. Bg5 Nc6 10. Rfe1 h6 11. Bh4 Rc8 12. Nxc6 bxc6 13. Ba4 Kh7 14. e5
dxe5 15. Rxe5 Be6 16. Qxd8 Rfxd8 17. Ra5 Rd7 18. Ra6 Rb7 19. Rb1 Bd5 20. Nxd5
cxd5 21. Bb3 g5 22. Bg3 e6 23. f3 Nd7 24. Bf2 Rcc7 25. c3 Nb8 26. Ra4 Nc6 27.
Bc2+ Kg8 28. h4 gxh4 29. Rxh4 Na5 30. Be3 Nc4 31. Bxh6 Bxh6 32. Rxh6 Rxb2 33.
Rc1 Rxa2 34. Rh2 Ra3 35. Bh7+ Kg7 36. Bd3 Ne5 37. Rh7+ Kg8 38. Bb1 Raxc3 39.
Rf1 Rc1 40. Rh5 Nxf3+ 41. gxf3 Rxf1+ 42. Kxf1 Rc1+ 43. Ke2 Rxb1 44. Rh4 Ra1 45.
Ke3 Ra3+ 46. Ke2 Kg7 47. Rb4 Kg6 48. Kf2 Kf5 49. Kg3 f6 50. Rf4+ Ke5 51. Rb4 a5
52. Rh4 d4 53. Rh5+ f5 0-1

[Event "Internationaal Jeugdtoernooi Limburg 6"]
[Site "Venlo"]
[Date "2000.07.08"]
[Round "6"]
[White "Den Heeten, Djurre"]
[Black "Erwich, Marc JL"]
[Result "0-1"]
[WhiteElo "1894"]
[BlackElo "2180"]
[PlyCount "52"]
[EventDate "2000.07.06"]
[EventType "swiss"]
[EventRounds "7"]
[EventCountry "NED"]
[Source "P.Boonen"]
[SourceDate "2009.01.01"]

1. e4 e5 2. Nf3 Nc6 3. d4 exd4 4. Nxd4 Nf6 5. Nc3 Bb4 6. Nxc6 bxc6 7. Bd3 d5 8.
exd5 cxd5 9. O-O O-O 10. Bg5 c6 11. Ne2 Bd7 12. c4 Bd6 13. Qd2 Be5 14. Rad1 h6
15. Bf4 Re8 16. cxd5 cxd5 17. b3 Qb6 18. Be3 Qd6 19. f4 Bb2 20. b4 Rxe3 21.
Qxe3 Ng4 22. Qd2 Qb6+ 23. Kh1 Bf6 24. Bg6 Ne3 25. Rc1 fxg6 26. Rf3 Re8 0-1

[Event "Internationaal Jeugdtoernooi Limburg 6"]
[Site "Venlo"]
[Date "2000.07.08"]
[Round "6"]
[White "Hendriks, Victor"]
[Black "Vinck, Martin"]
[Result "1/2-1/2"]
[WhiteElo "1961"]
[BlackElo "2155"]
[PlyCount "80"]
[EventDate "2000.07.06"]
[EventType "swiss"]
[EventRounds "7"]
[EventCountry "NED"]
[Source "P.Boonen"]
[SourceDate "2009.01.01"]

1. Nc3 c5 2. Nf3 a6 3. d4 e6 4. dxc5 Bxc5 5. Ne4 Nf6 6. Nxc5 Qa5+ 7. c3 Qxc5 8.
Bf4 Nd5 9. Be5 f6 10. Bd4 Qc6 11. e4 Nf4 12. Qc2 d6 13. g3 Ng6 14. Bg2 e5 15.
Be3 Be6 16. Rd1 O-O 17. O-O Ne7 18. Bc1 a5 19. a4 Na6 20. b3 Nc5 21. c4 Bg4 22.
Rfe1 f5 23. Bg5 Nc8 24. Rb1 fxe4 25. Nd2 Bf3 26. Nxe4 Bxg2 27. Kxg2 Ne6 28. Be3
Ne7 29. Kg1 Nf5 30. Qd3 Ned4 31. Bxd4 Nxd4 32. Ng5 Rf5 33. h4 h6 34. g4 hxg5
35. gxf5 Nf3+ 36. Kf1 Nxe1 37. Rxe1 gxh4 38. Re3 Re8 39. Rh3 e4 40. Qd2 Re5
1/2-1/2

[Event "Internationaal Jeugdtoernooi Limburg 6"]
[Site "Venlo"]
[Date "2000.07.08"]
[Round "6"]
[White "Holtackers, Daan"]
[Black "Wirig, Anthony"]
[Result "1/2-1/2"]
[WhiteElo "1850"]
[BlackElo "2221"]
[PlyCount "115"]
[EventDate "2000.07.06"]
[EventType "swiss"]
[EventRounds "7"]
[EventCountry "NED"]
[Source "P.Boonen"]
[SourceDate "2009.01.01"]

1. Nf3 c5 2. c4 g6 3. Nc3 Bg7 4. g3 Nf6 5. Bg2 Nc6 6. b3 d6 7. Bb2 O-O 8. O-O
Bg4 9. d3 Rb8 10. Qd2 a6 11. Nd1 b5 12. cxb5 axb5 13. Ne3 Bd7 14. Ng5 h6 15.
Ne4 Nxe4 16. Bxe4 Nd4 17. Bg2 Kh7 18. Nd5 e6 19. e3 Nf5 20. Bxg7 Nxg7 21. Nc3
b4 22. Ne2 Bb5 23. Rfc1 Qb6 24. d4 Bxe2 25. Qxe2 cxd4 26. Rc6 Qa7 27. Ra6 Qc5
28. exd4 Qc3 29. Qd1 Rbc8 30. Rxd6 Qb2 31. Be4 Rfd8 32. Rb1 Qxb1 33. Qxb1 Rxd6
34. Qb2 Rcd8 35. a4 bxa3 36. Qxa3 Rxd4 37. Bf3 Nf5 38. b4 Kg8 39. b5 R4d6 40.
Qc5 Nd4 41. Be4 Nb3 42. Qc7 Nd2 43. Bc6 Nc4 44. Be4 Nb6 45. Bc6 Nd5 46. Qa7 Rc8
47. Qb7 Rdd8 48. Qa7 Rb8 49. Qa5 Rdc8 50. Kg2 Rb6 51. Kf3 Rcb8 52. Bd7 R6b7 53.
Bc6 Rb6 54. Bd7 h5 55. h4 Nf6 56. Bc6 Nd5 57. Bd7 R6b7 58. Bc6 1/2-1/2

[Event "Internationaal Jeugdtoernooi Limburg 6"]
[Site "Venlo"]
[Date "2000.07.08"]
[Round "6"]
[White "Koster, Ramon"]
[Black "Dambacher, Martijn"]
[Result "1/2-1/2"]
[WhiteElo "2106"]
[BlackElo "2290"]
[PlyCount "40"]
[EventDate "2000.07.06"]
[EventType "swiss"]
[EventRounds "7"]
[EventCountry "NED"]
[Source "P.Boonen"]
[SourceDate "2009.01.01"]

1. Nf3 c5 2. g3 g6 3. c4 Bg7 4. Nc3 Nc6 5. Bg2 Nf6 6. d4 cxd4 7. Nxd4 O-O 8.
O-O d6 9. Nxc6 bxc6 10. Bxc6 Rb8 11. Bg2 Qa5 12. Qa4 Qxa4 13. Nxa4 Nd7 14. Bg5
Rb4 15. b3 Bxa1 16. Rxa1 Re8 17. Nc3 Rb8 18. Nd5 Kf8 19. Bh6+ Kg8 20. Bg5 Kf8
1/2-1/2

[Event "Internationaal Jeugdtoernooi Limburg 6"]
[Site "Venlo"]
[Date "2000.07.08"]
[Round "6"]
[White "L'Ami, Erwin"]
[Black "Van den Berg, Hilke"]
[Result "1-0"]
[WhiteElo "2189"]
[BlackElo "1949"]
[PlyCount "123"]
[EventDate "2000.07.06"]
[EventType "swiss"]
[EventRounds "7"]
[EventCountry "NED"]
[Source "P.Boonen"]
[SourceDate "2009.01.01"]

1. e4 Nf6 2. e5 Nd5 3. d4 d6 4. Nf3 g6 5. exd6 cxd6 6. c4 Nb6 7. Nc3 Bg7 8. Be3
O-O 9. h3 Nc6 10. Be2 Bf5 11. O-O d5 12. c5 Nc4 13. Qc1 Nxe3 14. fxe3 Be4 15.
Nxe4 dxe4 16. Ng5 Bh6 17. Nxf7 Rxf7 18. Bc4 Nxd4 19. Bxf7+ Kh8 20. Qc3 Bg7 21.
Qc4 Nf5 22. Rae1 Qd3 23. Rf2 Rd8 24. Qxd3 exd3 25. Bc4 Nxe3 26. Rxe3 d2 27. Bb3
Bd4 28. Ree2 Bxf2+ 29. Kxf2 d1=Q 30. Bxd1 Rxd1 31. Rxe7 Rd2+ 32. Re2 Rd7 33. b4
a6 34. Ke3 Kg7 35. Rd2 Re7+ 36. Kd3 Kf6 37. Rf2+ Kg5 38. a4 Kh4 39. Rf4+ Kg5
40. Rg4+ Kf5 41. b5 axb5 42. axb5 Rd7+ 43. Kc4 Rd2 44. c6 bxc6 45. bxc6 Ke5 46.
Kc3 Rd8 47. c7 Rc8 48. Rc4 Kd5 49. Kd3 h6 50. Rc1 g5 51. Ke3 h5 52. Kf3 Rf8+
53. Kg3 Rc8 54. h4 gxh4+ 55. Kxh4 Ke5 56. Kxh5 Kf6 57. Rc6+ Kg7 58. g4 Kh7 59.
g5 Kg7 60. g6 Kf8 61. Kh6 Kg8 62. Rd6 1-0

[Event "Internationaal Jeugdtoernooi Limburg 6"]
[Site "Venlo"]
[Date "2000.07.08"]
[Round "6"]
[White "Nabuurs, Joep"]
[Black "Nabuurs, Mart"]
[Result "1/2-1/2"]
[WhiteElo "1526"]
[BlackElo "1500"]
[PlyCount "50"]
[EventDate "2000.07.06"]
[EventType "swiss"]
[EventRounds "7"]
[EventCountry "NED"]
[Source "P.Boonen"]
[SourceDate "2009.01.01"]

1. Nf3 Nf6 2. c4 c5 3. d4 e6 4. e3 d5 5. cxd5 exd5 6. Nc3 cxd4 7. exd4 Bb4 8.
Bb5+ Bd7 9. Qe2+ Qe7 10. Bxd7+ Nbxd7 11. Qxe7+ Bxe7 12. O-O O-O 13. Ne5 Nb6 14.
Re1 Bb4 15. Nd3 Bxc3 16. bxc3 Ne4 17. Ba3 Rfc8 18. Nc5 Nxc5 19. dxc5 Nc4 20.
Bc1 Rxc5 21. Rb1 Rc7 22. Bf4 Rd7 23. Rb4 Kf8 24. Rd1 Re8 25. Kf1 Rc8 1/2-1/2

[Event "Internationaal Jeugdtoernooi Limburg 6"]
[Site "Venlo"]
[Date "2000.07.08"]
[Round "6"]
[White "Remmel, Tim"]
[Black "Tan, Kevin"]
[Result "1/2-1/2"]
[WhiteElo "2126"]
[BlackElo "1996"]
[PlyCount "86"]
[EventDate "2000.07.06"]
[EventType "swiss"]
[EventRounds "7"]
[EventCountry "NED"]
[Source "P.Boonen"]
[SourceDate "2009.01.01"]

1. e4 c5 2. Nf3 d6 3. c3 Nf6 4. Be2 g6 5. O-O Bg7 6. Re1 O-O 7. Bf1 Nc6 8. h3
Rb8 9. d4 Nd7 10. d5 Na5 11. Na3 a6 12. Rb1 b5 13. b4 Nc4 14. Nxc4 bxc4 15. Qc2
Qc7 16. Bxc4 cxb4 17. cxb4 Nb6 18. Bd3 Qxc2 19. Bxc2 Bd7 20. Bg5 Rfc8 21. Bd3
Kf8 22. Bxa6 Rc2 23. Re2 Rxe2 24. Bxe2 Na4 25. Bd2 Nc5 26. Ng5 h6 27. Rc1 hxg5
28. bxc5 dxc5 29. Be3 Rb2 30. Bc4 Bd4 31. Bxd4 cxd4 32. Rd1 Rb4 33. Bb3 Kg7 34.
f3 Kf6 35. Kf2 Ke5 36. g3 Rb8 37. f4+ gxf4 38. gxf4+ Kxf4 39. Rxd4 Bxh3 40. d6
exd6 41. Rxd6 Kxe4 42. Bxf7 Rf8 43. Kg3 Rxf7 1/2-1/2

[Event "Internationaal Jeugdtoernooi Limburg 6"]
[Site "Venlo"]
[Date "2000.07.08"]
[Round "6"]
[White "Schreiber, Christophe"]
[Black "Bensdorp, Laura"]
[Result "1/2-1/2"]
[WhiteElo "2111"]
[BlackElo "1674"]
[PlyCount "111"]
[EventDate "2000.07.06"]
[EventType "swiss"]
[EventRounds "7"]
[EventCountry "NED"]
[Source "P.Boonen"]
[SourceDate "2009.01.01"]

1. d4 d5 2. e3 Nf6 3. Bd3 e6 4. Nd2 c5 5. c3 Nc6 6. f4 Be7 7. Ngf3 Ng4 8. Qe2
f5 9. Ne5 Ngxe5 10. fxe5 h5 11. b3 Qa5 12. Bb2 a6 13. a4 Qb6 14. Rb1 Bd7 15.
Ba1 g6 16. g3 Nd8 17. Nf3 Bc6 18. Kf2 Nf7 19. c4 Ng5 20. Nxg5 Bxg5 21. dxc5
Qxc5 22. Bd4 Qe7 23. c5 Bh6 24. b4 Bxa4 25. Ra1 Bd7 26. b5 Kf7 27. bxa6 bxa6
28. Bxa6 Rhb8 29. Rhb1 Bf8 30. Rxb8 Rxb8 31. Bd3 Bc6 32. Ra6 Qd7 33. Qa2 Rb7
34. Rb6 Ra7 35. Qxa7 Qxa7 36. Rxc6 Be7 37. Ra6 Qb8 38. c6 Bd8 39. Ra7+ Kg8 40.
Rb7 Qc8 41. Bb5 Bc7 42. h4 Qd8 43. Kf3 Kh8 44. Kf4 Qe7 45. Be2 Kg8 46. Kf3 Qd8
47. Ra7 Qb8 48. Rb7 Qd8 49. Bd3 Qc8 50. Kf4 Qd8 51. Bc5 Kh8 52. Ba6 Kg8 53.
Rxc7 Qxc7 54. Bb7 Qa5 55. Bd6 Qa4+ 56. Kg5 1/2-1/2

[Event "Internationaal Jeugdtoernooi Limburg 6"]
[Site "Venlo"]
[Date "2000.07.08"]
[Round "6"]
[White "Simenon, Jozef"]
[Black "Schilperoort, Jeroen"]
[Result "1/2-1/2"]
[WhiteElo "1650"]
[BlackElo "1851"]
[PlyCount "68"]
[EventDate "2000.07.06"]
[EventType "swiss"]
[EventRounds "7"]
[EventCountry "NED"]
[Source "P.Boonen"]
[SourceDate "2009.01.01"]

1. e4 c6 2. d4 d5 3. Nc3 dxe4 4. Nxe4 Nf6 5. Nxf6+ gxf6 6. Nf3 Bf5 7. Bd3 Bxd3
8. Qxd3 e6 9. Bf4 Nd7 10. O-O-O Nb6 11. a3 Nd5 12. Bg3 h5 13. h3 Qa5 14. Nd2
Bh6 15. Kb1 b5 16. Nb3 Qb6 17. Rhe1 O-O-O 18. Qf3 Bf8 19. Bh4 Be7 20. Nc5 f5
21. Bxe7 Nxe7 22. Qb3 Nd5 23. h4 Rhg8 24. g3 Rg4 25. Rd3 Rdg8 26. c4 Nc7 27. a4
b4 28. Qc2 a5 29. b3 Ne8 30. Qd2 Nf6 31. Qe3 Ne4 32. Nxe4 Rxe4 33. Qd2 Rd8 34.
Rd1 Rg4 1/2-1/2

[Event "Internationaal Jeugdtoernooi Limburg 6"]
[Site "Venlo"]
[Date "2000.07.08"]
[Round "6"]
[White "Smeets, Jan"]
[Black "Wortel, Marten"]
[Result "1-0"]
[WhiteElo "2264"]
[BlackElo "2256"]
[PlyCount "37"]
[EventDate "2000.07.06"]
[EventType "swiss"]
[EventRounds "7"]
[EventCountry "NED"]
[Source "P.Boonen"]
[SourceDate "2009.01.01"]

1. e4 c5 2. Nf3 d6 3. d4 cxd4 4. Nxd4 Nf6 5. Nc3 e6 6. Be2 Be7 7. O-O O-O 8.
Be3 Nc6 9. f4 Qc7 10. Kh1 a6 11. a4 Rb8 12. Bf3 Na5 13. Qd3 Re8 14. Rae1 Nd7
15. Bc1 b6 16. b4 Nc6 17. Qc4 Nce5 18. Qxc7 Rb7 19. Qxb7 1-0

[Event "Internationaal Jeugdtoernooi Limburg 6"]
[Site "Venlo"]
[Date "2000.07.08"]
[Round "6"]
[White "Snoeck, Rene"]
[Black "Plukkel, Sjoerd"]
[Result "0-1"]
[WhiteElo "1750"]
[BlackElo "1976"]
[PlyCount "38"]
[EventDate "2000.07.06"]
[EventType "swiss"]
[EventRounds "7"]
[EventCountry "NED"]
[Source "P.Boonen"]
[SourceDate "2009.01.01"]

1. d4 Nf6 2. c4 c5 3. e3 cxd4 4. exd4 d5 5. Nc3 e6 6. cxd5 Nxd5 7. Bd3 Nc6 8.
Nge2 Bd6 9. Nxd5 exd5 10. O-O O-O 11. Be3 a6 12. Rc1 Re8 13. h3 Qh4 14. Qd2 h6
15. Bf4 Bb4 16. Qc2 Nxd4 17. Nxd4 Qxf4 18. Rfd1 Bd7 19. Qc7 Bd6 0-1

[Event "Internationaal Jeugdtoernooi Limburg 6"]
[Site "Venlo"]
[Date "2000.07.08"]
[Round "6"]
[White "Van Delft, Merijn"]
[Black "Amesz, Jaap"]
[Result "0-1"]
[WhiteElo "2304"]
[BlackElo "2181"]
[PlyCount "110"]
[EventDate "2000.07.06"]
[EventType "swiss"]
[EventRounds "7"]
[EventCountry "NED"]
[Source "P.Boonen"]
[SourceDate "2009.01.01"]

1. e4 c5 2. Nf3 Nc6 3. d4 cxd4 4. Nxd4 Nf6 5. Nc3 e5 6. Ndb5 d6 7. Bg5 a6 8.
Na3 b5 9. Nd5 Be7 10. Bxf6 Bxf6 11. c3 Bg5 12. Nc2 O-O 13. a4 bxa4 14. Rxa4 a5
15. Bc4 Rb8 16. b3 Kh8 17. O-O f5 18. exf5 Bxf5 19. Nce3 Be6 20. Qd3 Qd7 21.
Raa1 Qf7 22. Qe4 Bxe3 23. fxe3 Qd7 24. Nb6 Qc7 25. Bxe6 Qxb6 26. Rxf8+ Rxf8 27.
Rf1 Rxf1+ 28. Kxf1 g6 29. Qf3 Qd8 30. Qf7 Na7 31. Ke2 Nb5 32. Kd3 Nc7 33. Bd7
Nd5 34. Qe8+ Qxe8 35. Bxe8 Nb6 36. b4 axb4 37. cxb4 d5 38. Bc6 Kg7 39. b5 Kf6
40. Kc3 Ke6 41. Kb4 Kd6 42. Ka5 Kc5 43. Ka6 Nc4 44. Be8 d4 45. exd4+ exd4 46.
Bd7 d3 47. Bg4 h5 48. Bf3 h4 49. h3 d2 50. Be2 Nb6 51. Bd1 g5 52. Bh5 Nc4 53.
Be2 Nb6 54. Bh5 Nd5 55. Bf3 Nc7+ 0-1

[Event "Internationaal Jeugdtoernooi Limburg 6"]
[Site "Venlo"]
[Date "2000.07.08"]
[Round "6"]
[White "Van Gemen, Felix"]
[Black "Vanwersch, Rob"]
[Result "1/2-1/2"]
[WhiteElo "1803"]
[BlackElo "1538"]
[PlyCount "41"]
[EventDate "2000.07.06"]
[EventType "swiss"]
[EventRounds "7"]
[EventCountry "NED"]
[Source "P.Boonen"]
[SourceDate "2009.01.01"]

1. e4 d5 2. exd5 Nf6 3. c4 c6 4. dxc6 Nxc6 5. Nf3 e5 6. d3 Bf5 7. Be2 Qd7 8.
O-O O-O-O 9. a3 Bxd3 10. Bxd3 Qxd3 11. Qxd3 Rxd3 12. Nc3 Bc5 13. Ng5 h6 14.
Nge4 Nxe4 15. Nxe4 Bb6 16. c5 Bc7 17. b4 f5 18. Ng3 g6 19. h4 e4 20. Ne2 Be5
21. Ra2 1/2-1/2

[Event "Internationaal Jeugdtoernooi Limburg 6"]
[Site "Venlo"]
[Date "2000.07.08"]
[Round "6"]
[White "Van Otten, Gerard J"]
[Black "Van Weersel, Arlette"]
[Result "1/2-1/2"]
[WhiteElo "1940"]
[BlackElo "1819"]
[PlyCount "90"]
[EventDate "2000.07.06"]
[EventType "swiss"]
[EventRounds "7"]
[EventCountry "NED"]
[Source "P.Boonen"]
[SourceDate "2009.01.01"]

1. e4 e5 2. Nf3 Nc6 3. Bb5 a6 4. Ba4 Nf6 5. O-O Be7 6. Re1 b5 7. Bb3 O-O 8. a4
b4 9. d3 Rb8 10. Nbd2 Bc5 11. Nc4 Ng4 12. Ne3 d6 13. Bc4 Na5 14. h3 Nxc4 15.
Nxg4 Na5 16. Be3 Bxg4 17. hxg4 Bxe3 18. Rxe3 Nc6 19. Nh2 Nd4 20. Rh3 Ne6 21.
Nf3 Nf4 22. Rh1 f6 23. g3 Ne6 24. Kg2 d5 25. Qe2 d4 26. b3 Qe7 27. Nd2 a5 28.
Nc4 Ra8 29. Raf1 Nc5 30. f3 Nb7 31. Kg1 Nd6 32. Nd2 Qd7 33. Qh2 h6 34. Qh5 Qe8
35. Qh3 Qc6 36. Nc4 Nxc4 37. dxc4 Rad8 38. Rd1 d3 39. Rxd3 Rxd3 40. cxd3 Qc5+
41. Kh2 Qe3 42. f4 Qxd3 43. g5 fxg5 44. fxg5 Qe3 45. Qe6+ Kh8 1/2-1/2

[Event "Internationaal Jeugdtoernooi Limburg 6"]
[Site "Venlo"]
[Date "2000.07.08"]
[Round "6"]
[White "Van Ruitenburg, Joost"]
[Black "Ris, Robert"]
[Result "1-0"]
[WhiteElo "2014"]
[BlackElo "1750"]
[PlyCount "41"]
[EventDate "2000.07.06"]
[EventType "swiss"]
[EventRounds "7"]
[EventCountry "NED"]
[Source "P.Boonen"]
[SourceDate "2009.01.01"]

1. d4 Nf6 2. Bg5 e6 3. Nd2 c5 4. e3 d5 5. c3 Nc6 6. f4 Bd6 7. Ngf3 Bd7 8. Ne5
cxd4 9. exd4 Qc7 10. Bd3 Be7 11. O-O h6 12. Bxf6 Bxf6 13. Qh5 Rf8 14. Nb3 b6
15. a4 g6 16. Qe2 Ke7 17. a5 Rfb8 18. a6 Kf8 19. Qg4 Bxe5 20. fxe5 Kg7 21.
Rxf7+ 1-0

[Event "Internationaal Jeugdtoernooi Limburg 6"]
[Site "Venlo"]
[Date "2000.07.08"]
[Round "6"]
[White "Van Run, Jan"]
[Black "Heltzel, Joost"]
[Result "1/2-1/2"]
[WhiteElo "1910"]
[BlackElo "2079"]
[PlyCount "31"]
[EventDate "2000.07.06"]
[EventType "swiss"]
[EventRounds "7"]
[EventCountry "NED"]
[Source "P.Boonen"]
[SourceDate "2009.01.01"]

1. b3 Nf6 2. c4 b6 3. Bb2 e6 4. e3 Bb7 5. Nf3 Be7 6. Nc3 O-O 7. d4 d5 8. Be2
Nbd7 9. O-O c5 10. Ne5 dxc4 11. Nxd7 Qxd7 12. dxc5 Qxd1 13. Rfxd1 cxb3 14. cxb6
bxa2 15. bxa7 Rxa7 16. Rxa2 1/2-1/2

[Event "Internationaal Jeugdtoernooi Limburg 6"]
[Site "Venlo"]
[Date "2000.07.08"]
[Round "6"]
[White "Verwer, Sicco"]
[Black "Van Gils, Philip"]
[Result "1-0"]
[WhiteElo "1800"]
[BlackElo "1726"]
[PlyCount "25"]
[EventDate "2000.07.06"]
[EventType "swiss"]
[EventRounds "7"]
[EventCountry "NED"]
[Source "P.Boonen"]
[SourceDate "2009.01.01"]

1. e4 c5 2. Nf3 e6 3. d4 cxd4 4. Nxd4 a6 5. Nc3 Nc6 6. Be3 Nge7 7. Qd2 d5 8.
O-O-O Qc7 9. exd5 Nxd5 10. Nxd5 exd5 11. Bf4 Qa5 12. Re1+ Be7 13. Rxe7+ 1-0

[Event "Internationaal Jeugdtoernooi Limburg 6"]
[Site "Venlo"]
[Date "2000.07.08"]
[Round "6"]
[White "Vink, Nico"]
[Black "Erwich, Frank AS"]
[Result "1/2-1/2"]
[WhiteElo "2234"]
[BlackElo "2299"]
[PlyCount "36"]
[EventDate "2000.07.06"]
[EventType "swiss"]
[EventRounds "7"]
[EventCountry "NED"]
[Source "P.Boonen"]
[SourceDate "2009.01.01"]

1. e4 e5 2. Nf3 Nc6 3. Bb5 Nf6 4. O-O Nxe4 5. d4 Nd6 6. Bxc6 dxc6 7. dxe5 Ne4
8. Qe2 Bf5 9. b3 Bc5 10. Bb2 O-O 11. Nc3 Nxc3 12. Bxc3 Qe7 13. Rfd1 Rad8 14.
Kf1 Rd5 15. Rd2 Rfd8 16. Rad1 Rxd2 17. Rxd2 Rxd2 18. Qxd2 Be4 1/2-1/2

[Event "Internationaal Jeugdtoernooi Limburg 6"]
[Site "Venlo"]
[Date "2000.07.09"]
[Round "7"]
[White "Amesz, Jaap"]
[Black "Erwich, Frank AS"]
[Result "1-0"]
[WhiteElo "2181"]
[BlackElo "2299"]
[PlyCount "25"]
[EventDate "2000.07.06"]
[EventType "swiss"]
[EventRounds "7"]
[EventCountry "NED"]
[Source "P.Boonen"]
[SourceDate "2009.01.01"]

1. e4 e5 2. Nc3 Nf6 3. Bc4 Bb4 4. Nge2 c6 5. d4 Nxe4 6. dxe5 d5 7. exd6 Qxd6 8.
Qxd6 Nxd6 9. Bb3 Nd7 10. O-O Nc5 11. Bf4 Nxb3 12. axb3 Bd7 13. Na2 1-0

[Event "Internationaal Jeugdtoernooi Limburg 6"]
[Site "Venlo"]
[Date "2000.07.09"]
[Round "7"]
[White "Bensdorp, Laura"]
[Black "Snoeck, Rene"]
[Result "0-1"]
[WhiteElo "1674"]
[BlackElo "1750"]
[PlyCount "53"]
[EventDate "2000.07.06"]
[EventType "swiss"]
[EventRounds "7"]
[EventCountry "NED"]
[Source "P.Boonen"]
[SourceDate "2009.01.01"]

1. d4 e5 2. dxe5 Nc6 3. Nf3 Qe7 4. Nc3 Nxe5 5. Bf4 Nxf3+ 6. gxf3 d6 7. Nd5 Qd8
8. Qd2 Be6 9. e4 Ne7 10. Bc4 Qd7 11. O-O-O O-O-O 12. Be3 Nc6 13. Bb5 a6 14. Ba4
Qe8 15. Qc3 Bd7 16. Kb1 Kb8 17. Bxc6 Bxc6 18. Qd4 Bxd5 19. Qa7+ Kc8 20. exd5
Qb5 21. Rd3 Kd7 22. Rb3 Qxd5 23. Rxb7 Qc6 24. Bb6 Rc8 25. Re1 Be7 26. Bxc7 Ke8
27. Rb8 0-1

[Event "Internationaal Jeugdtoernooi Limburg 6"]
[Site "Venlo"]
[Date "2000.07.09"]
[Round "7"]
[White "Erwich, Marc JL"]
[Black "L'Ami, Erwin"]
[Result "1/2-1/2"]
[WhiteElo "2180"]
[BlackElo "2189"]
[PlyCount "58"]
[EventDate "2000.07.06"]
[EventType "swiss"]
[EventRounds "7"]
[EventCountry "NED"]
[Source "P.Boonen"]
[SourceDate "2009.01.01"]

1. e4 c5 2. Nf3 d6 3. d4 cxd4 4. Nxd4 Nf6 5. Nc3 a6 6. Be2 e6 7. O-O Be7 8. a4
O-O 9. Be3 Qc7 10. f4 Nc6 11. Nb3 Re8 12. Bf3 Rb8 13. g4 b6 14. g5 Nd7 15. Bg2
Nc5 16. Nxc5 dxc5 17. h4 Bb7 18. Qg4 Rbd8 19. h5 Nd4 20. Rf2 Kh8 21. Qh3 Bc6
22. Rc1 Qb7 23. Kh2 b5 24. axb5 axb5 25. g6 Bf8 26. gxf7 Qxf7 27. Ne2 Qb7 28.
Ng3 b4 29. b3 Qd7 1/2-1/2

[Event "Internationaal Jeugdtoernooi Limburg 6"]
[Site "Venlo"]
[Date "2000.07.09"]
[Round "7"]
[White "Hansen, Herve"]
[Black "Clevers, Egbert"]
[Result "1/2-1/2"]
[WhiteElo "1920"]
[BlackElo "1500"]
[PlyCount "80"]
[EventDate "2000.07.06"]
[EventType "swiss"]
[EventRounds "7"]
[EventCountry "NED"]
[Source "P.Boonen"]
[SourceDate "2009.01.01"]

1. e4 e5 2. Nf3 Nc6 3. d4 exd4 4. Bc4 Be7 5. O-O d6 6. Nxd4 Nf6 7. Nxc6 bxc6 8.
Nc3 O-O 9. Re1 Bg4 10. Qd3 g6 11. h3 Be6 12. Bh6 Re8 13. Rad1 Nd7 14. Bxe6 fxe6
15. Qc4 Bg5 16. Bxg5 Qxg5 17. Re3 Ne5 18. Qe2 Rf8 19. Rg3 Qf6 20. Rf1 Qe7 21.
f4 Nf7 22. f5 exf5 23. exf5 Qxe2 24. Nxe2 Ne5 25. Nd4 Rab8 26. b3 Rb7 27. fxg6
Rxf1+ 28. Kxf1 hxg6 29. Nf3 Nxf3 30. Rxf3 c5 31. Kf2 c4 32. Kg3 cxb3 33. axb3
Rb8 34. Rc3 c5 35. Rd3 Rd8 36. Kg4 Kg7 37. Kg5 d5 38. Re3 Rf8 39. Re2 Rf5+ 40.
Kg4 Kf7 1/2-1/2

[Event "Internationaal Jeugdtoernooi Limburg 6"]
[Site "Venlo"]
[Date "2000.07.09"]
[Round "7"]
[White "Heltzel, Joost"]
[Black "Van Ruitenburg, Joost"]
[Result "1-0"]
[WhiteElo "2079"]
[BlackElo "2014"]
[PlyCount "137"]
[EventDate "2000.07.06"]
[EventType "swiss"]
[EventRounds "7"]
[EventCountry "NED"]
[Source "P.Boonen"]
[SourceDate "2009.01.01"]

1. e4 e5 2. Nf3 Nc6 3. Bc4 Be7 4. Nc3 Nf6 5. d4 exd4 6. Nxd4 d6 7. h3 O-O 8.
O-O Nd7 9. Nd5 Nb6 10. Nxc6 bxc6 11. Nxe7+ Qxe7 12. Bd3 c5 13. b3 f5 14. exf5
Bxf5 15. Bb2 Qg5 16. Bxf5 Rxf5 17. Qg4 Nd5 18. Rae1 Raf8 19. Qxg5 Rxg5 20. Bc1
Rgf5 21. Bd2 Kf7 22. Re4 Re8 23. Rfe1 Rxe4 24. Rxe4 Nb6 25. Kf1 d5 26. Rf4 Rxf4
27. Bxf4 c6 28. Ke2 Ke6 29. g4 c4 30. Bb8 cxb3 31. axb3 a6 32. Ke3 Nd7 33. Bc7
g6 34. f3 c5 35. Kf4 h6 36. Ke3 Nf6 37. Kd3 h5 38. Bd8 hxg4 39. hxg4 g5 40. Ba5
Nd7 41. Bd8 Nf6 42. Ke3 Nh7 43. Bb6 Kd6 44. f4 d4+ 45. Kf3 gxf4 46. Bd8 Nf8 47.
Bg5 Kd5 48. Bxf4 Ng6 49. Bg3 c4 50. bxc4+ Kxc4 51. Ke4 a5 52. Bf2 Kc3 53. Bxd4+
Kxc2 54. Bf6 a4 55. Kf5 Nf8 56. Be7 Nd7 57. g5 Nb6 58. Ke6 Na8 59. g6 Nc7+ 60.
Kf7 Nd5 61. g7 Nxe7 62. Kxe7 a3 63. g8=Q Kb2 64. Qg2+ Kb1 65. Qf1+ Kb2 66. Qe2+
Kb1 67. Qd1+ Kb2 68. Qd2+ Kb1 69. Qb4+ 1-0